000 00945cam a22002652 4500
001 0000005282
005 20151217152000.0
008 070611s xx 000 0 eng d
020 _a0071180303 :
040 _aKABU
_cKABU
050 0 _aTS155
_b.C43 2001
100 1 _aChase, Richard B.
_@0000156485
245 1 0 _aOperations management for competitive advantage /
_cRichard B. Chase, Nicholas J. Aquilano, F. Robert Jacobs.
250 _a9th ed.
260 _aBoston :
_bIrwin/McGraw-Hill,
_c2001.
300 _axvi, 763 p. :
_bill. ;
_c29 cm.
440 4 _aThe McGraw-Hill/Irwin series
_@0000156487
500 _aRev. ed. of: Production and operations management / R. B. Chase. 8th ed. c1998.
650 0 _aProduction management.
_@0000155181
700 1 _aAquilano, Nicholas J.
_@0000156484
700 1 _aJacobs, F. Robert.
_@0000156488
908 _a070611
950 _@1
999 _c6968
_d6968